Vista normal Vista MARC

Entrada Materia (tema)

Número de registros utilizados en: 1

001 - CONTROL NUMBER

  • control field: 189227

003 - CONTROL NUMBER IDENTIFIER

  • control field: Co-BoUCM

005 - DATE AND TIME OF LATEST TRANSACTION

  • control field: 20260512153958.0

008 - FIXED-LENGTH DATA ELEMENTS

  • fixed length control field: 260512|| aca||aabn | a|a d

040 ## - CATALOGING SOURCE

  • Original cataloging agency: Co-BoUCM
  • Transcribing agency: Co-BoUCM

150 ## - HEADING--TOPICAL TERM

  • Topical term or geographic name as entry element: Minas de oro
  • General subdivision: Marmato (Caldas, Colombia)
  • Chronological subdivision: Siglo XIX
  • Geographic subdivision: Marmato (Caldas, Colombia)

670 ## - SOURCE DATA FOUND

  • Source citation: Work cat.: (Co-BoUCM)326399: Gärtner, Álvaro 189224, Revolución musical, oro de Marmato y relatos de campamento antes de y durante la batalla de Ayacucho /, 2025